| Registos Bibliográficos associados ao registo de autoridade |
|
Etiqueta de registo: 00254nam 2200025 450 001 2286022 003 http://id.bnportugal.gov.pt/bib/catbnp/2286022 021 ## $aPT$b561176/26 100 ## $a20260508d2026 m y0pory01030103ba 101 0# $apor 102 ## $aPT 105 ## $aa b 000yy 106 ## $ar 200 1# $aMeu Cristo$fPaulo Neves$gtextos Pedro Ventura, Bruno Ferreira 210 #9 $a[S.l.]$cProef,$dD.L. 2026 215 ## $a77, [1] p.$cil.$d25 cm 702 #1 $aNeves,$bPaulo,$f1959-$4040$31903763 702 #1 $96$aVentura,$bPedro$4070$31997989 702 #1 $aFerreira,$bBruno,$f1984-$4070$31906429 801 #0 $aPT$bBN$gRPC 966 ## $lBN$mFGMON$x1 966 ## $lBN$mFGMON$x1 971 ## $cssilva$d20260508
|
|
|